Сочинения в трех томах (Запис № 350307)

МАРК-запис
000 -Лідер
fixed length control field 00662nam a22002417a 4500
001 - Контрольний номер
control field 64244
003 - Ідентифікатор контрольного номера
control field UA-OsUOA
005 - Дата та час останнього входження (трансакції)
control field 20220523112504.0
007 - Фіксоване поле фізичного опису
fixed length control field ta
008 - Елементи даних фіксованої довжини – загальна інформація
fixed length control field 20091103b un ||||| |||| 00| 0 ukr d
040 ## - Джерело каталогізації
Агенція оригінальної каталогізації UA-OsUOA
Мова каталогізації rus
Агенція, яка здійснювала перезапис UA-OsUOA
Агенція, яка здійснювала модифікацію UA-OsUOA
041 ## - Код мови
Код мови тексту/ звукової доріжки чи окремого заголовка (П) rus
080 ## - Індекс Універсальної десяткової класифікації
Індекс Універсальної десяткової класифікації (УДК) (НП) 821.161.1
090 ## - Локальний шифр розміщення
Класифікаційний індекс УДК 821.161.1
Авторський знак (НП) П34
100 ## - Основне введення – ім’я особи
Ім’я особи (НП) Писемский А.
245 ## - Відомості про назву
Назва (НП) Сочинения в трех томах
260 ## - Публікація, розповсюдження і т.п. (Вихідні дані)
Місце публікації, розповсюдження і т.п. (П) М.
Ім’я/ наймення видавництва, розповсюджувача і т.п. (П) ГИХЛ
Дата публікації, розповсюдження і т.п. (П) 1956
300 ## - Фізичний опис
Обсяг 604 с.
505 ## - Форматована примітка про зміст
Змішана інформація Т. 2
650 #7 - Додаткове предметне введення – тематичний термін
Тематичний термін чи географічна назва, як елемент введення (НП) 821 Художня література окремими мовами і мовними сім'ями
Джерело заголовка чи терміна UDC
942 ## - Додаткові елементи входу (Коха)
Тип елемента Koha Книги
Source of classification or shelving scheme Universal Decimal Classification
955 ## - Код типу видання за змістом
Код типу видання за змістом (НП) Літературно-художні видання
Фонди
Стан вилучень Стан втрат Джерело класифікації або схеми стелажів Стан уражень Не для кредиту Код колекції Постійне місце розташування Поточне розміщення Дата придбання Джерело придбання Вартість, звичайна ціна покупки Послідовне перерахування / хронологія Інвентарний номер Повний номер виклику Штрих-код Дата останнього перегляду Ціна ефективна від Тип елемента Koha
    Universal Decimal Classification       АБ - Абонемент НБ АБ - Абонемент НБ 04/04/2013     Т. 2 45948 821.161.1 П34 45948 22/04/2022 03/11/2009 Книги
    Universal Decimal Classification     Колекція Ковальського М.П. ЧЗ - Читальна зала ЧЗ - Читальна зала 03/11/2009 128/2009 3.00 Т. 2 123993 821.161.1 П34 123993 23/12/2021 03/11/2009 Книги